How Adults Learn. (Record no. 1180)

MARC details
000 -LEADER
fixed length control field 00393nam a22001217a 4500
005 - DATE AND TIME OF LATEST TRANSACTION
control field 20200825162019.0
008 - FIXED-LENGTH DATA ELEMENTS--GENERAL INFORMATION
fixed length control field 200825b ||||| |||| 00| 0 eng d
020 ## - INTERNATIONAL STANDARD BOOK NUMBER
International Standard Book Number 14578
040 ## - CATALOGING SOURCE
Transcribing agency CML
245 ## - TITLE STATEMENT
Title How Adults Learn.
Statement of responsibility, etc. Kidd, J.R.
260 ## - PUBLICATION, DISTRIBUTION, ETC.
Place of publication, distribution, etc. United States of America
Name of publisher, distributor, etc. National Board of Young Men's Christtian Associations
Date of publication, distribution, etc. 1959
942 ## - ADDED ENTRY ELEMENTS (KOHA)
Source of classification or shelving scheme Dewey Decimal Classification
Koha item type Books
Edition 1st Edition
Classification part 374
Call number suffix KID
Holdings
Withdrawn status Lost status Source of classification or shelving scheme Damaged status Not for loan Collection code Home library Current library Shelving location Date acquired Total Checkouts Full call number Date last seen Copy number Price effective from Koha item type
    Dewey Decimal Classification     Social Sciences Chalimbana Main Library Chalimbana Main Library Social Sciences 08/25/2020   374 KID 08/25/2020 1 08/25/2020 Books

Powered by Koha